000
00292nam a2200109Ia 4500
008
190914s9999||||xx |||||||||||||| ||und||
100
_a
Zaka Ali
245
4
_a
The Sind Urban Immovable Property Tax ACT and The Rules 1985
260
_a
Karachi
_b
Labour Laws
_c
1995
300
_a
658
942
_c
BK
999
_c
9745
_d
9745